000 00759nam a22002297a 4500
001 113500
003 DR-UNIBE
005 20250430131442.0
008 250428b2006 dr ||||| |||| 00| 0 spa d
040 _aBIBLIOTECA UNIBE
_bspa
_cBIBLIOTECA UNIBE
_erda
041 _aspa
082 _aF-RD 5952
100 1 _aSánchez Pujols, Elisa
_eautor
_9194607
245 1 3 _aLa defensa de los derechos de las víctimas en el Nuevo Proceso Penal /
_cElisa Sánchez Pujols
260 _aSanto Domingo :
_bFundación Institucioalidad y Justicia (FINJUS),
_c2006
300 _a43 páginas
490 _aColección capacitación jurídica
490 _aSerie acceso a la justicia ;
_vno. 1
650 7 _2lemb
_aDerecho
650 7 _2lemb
_aVíctimas
942 _2ddc
_cMX
999 _c113500
_d113500